| 000 | 00436nam a2200181Ia 4500 | ||
|---|---|---|---|
| 001 | 16047 | ||
| 005 | 20260306170240.0 | ||
| 008 | 260306t2000||||xx |||||||||||||| ||und|| | ||
| 041 | _aESP | ||
| 082 |
_a346.53 _bD88 T. 2 |
||
| 100 |
_aDomínguez Hidalgo, Carmen _eAUT |
||
| 245 | 0 | _aEl daño moral | |
| 260 | _c2000 | ||
| 300 |
_aviii, páginas : 489 - 782 _c23 cm. |
||
| 650 | _aGEN | ||
| 654 | _aCDE | ||
| 942 |
_cLIB _dJUS _fJUS _2ddc _n |
||
| 999 |
_c16047 _d16047 |
||